Možnosti uplatnenia distribuovaného spracovania údajov v hierarchických systémoch riadenia výroby výskumná správa 902-533-107/05.2

Saved in:
Bibliographic Details
Format: Book
Language:Slovak
Published: Bratislava VŠE 1989
Tags: Add Tag
No Tags, Be the first to tag this record!

MARC

LEADER 00000nam a2200000 4500
001 c033962
005 20260326072520.8
041 0 |a slo 
044 |a SK 
245 1 0 |a Možnosti uplatnenia distribuovaného spracovania údajov v hierarchických systémoch riadenia výroby  |b výskumná správa 902-533-107/05.2 
264 1 |a Bratislava  |b VŠE  |c 1989 
300 |a 64 s.